[Event "Sao Jose dos Campos op"]
[Site "Sao Jose dos Campos"]
[Date "2023.05.27"]
[Round "4"]
[White "Miquelin, Nicolas Seoane"]
[Black "Jiang, Lucas Zirui"]
[Result "1-0"]
[WhiteElo "2126"]
[BlackElo "1720"]
[PlyCount "43"]
[EventDate "2023.05.26"]
[EventType "swiss"]
[EventRounds "5"]
[EventCountry "BRA"]
[SourceTitle "CBM 214 Extra"]
[Source "ChessBase"]
[SourceDate "2023.07.31"]
[SourceVersion "1"]
[SourceVersionDate "2023.07.31"]
[SourceQuality "1"]

1. e4 c6 2. d4 d5 3. e5 Bf5 4. h4 h5 5. Bg5 Nd7 6. Bd3 Bxd3 7. Qxd3 Qa5+ 8. Bd2 Qb6 9. e6 Ndf6 10. Nf3 0-0-0 11. 0-0 fxe6 12. Ne5 Nh6 13. Nc3 Ne4 14. Nxe4 dxe4 15. Qc4 Qxd4 16. Qxe6+ Kb8 17. Bf4 Rd6 18. Ng6 Rg8 19. Rad1 Qf6 20. Qxf6 gxf6 21. Nxf8 Rxf8 22. Rxd6 1-0

[Event "Pindamonhangaba op 7th"]
[Site "Pindamonhangaba"]
[Date "2023.03.25"]
[Round "2"]
[White "Miquelin, Nicolas Seoane"]
[Black "Ballerini, Ricardo Reis"]
[Result "1-0"]
[WhiteElo "2116"]
[BlackElo "1810"]
[PlyCount "83"]
[EventDate "2023.03.24"]
[EventType "swiss"]
[EventRounds "5"]
[EventCountry "BRA"]
[SourceTitle "CBM 213 Extra"]
[Source "ChessBase"]
[SourceDate "2023.05.31"]
[SourceVersion "1"]
[SourceVersionDate "2023.05.31"]
[SourceQuality "1"]

1. Nf3 Nf6 2. g3 d6 3. d4 g6 4. Bg2 Bg7 5. 0-0 0-0 6. c4 c6 7. Nc3 Bg4 8. Bf4 h6 9. Qd2 Kh7 10. Rad1 Nbd7 11. Qc2 Re8 12. b3 Bxf3 13. Bxf3 e5 14. dxe5 dxe5 15. Be3 Qe7 16. Rd2 Red8 17. Rfd1 Nb6 18. a4 Rxd2 19. Rxd2 Rd8 20. Rxd8 Qxd8 21. a5 Nc8 22. a6 Qd7 23. axb7 Qxb7 24. Qa2 Qc7 25. Qa4 c5 26. Qc6 Qxc6 27. Bxc6 Bf8 28. Na4 Ng4 29. Bxc5 Bxc5 30. Nxc5 Nf6 31. f3 Ne7 32. Ba4 Kg7 33. Kf2 g5 34. Ke3 Nf5+ 35. Kd3 Kf8 36. b4 Ke7 37. Ne4 Nxe4 38. Kxe4 Nd6+ 39. Kd5 f6 40. c5 Nf5 41. Kc6 Nd4+ 42. Kb7 1-0

[Event "Sao Paulo Hebraica op 30th"]
[Site "Sao Paulo"]
[Date "2023.02.12"]
[Round "7"]
[White "Miquelin, Nicolas Seoane"]
[Black "Roberto Gil, Renan"]
[Result "1-0"]
[WhiteElo "2093"]
[BlackElo "1607"]
[PlyCount "91"]
[EventDate "2023.02.10"]
[EventType "swiss"]
[EventRounds "7"]
[EventCountry "BRA"]
[SourceTitle "CBM 212 Extra"]
[Source "ChessBase"]
[SourceDate "2023.03.31"]
[SourceVersion "1"]
[SourceVersionDate "2023.03.31"]
[SourceQuality "1"]

1. e4 c5 2. Nf3 d6 3. d4 cxd4 4. Nxd4 a6 5. c4 Nf6 6. Nc3 e6 7. Be2 Qc7 8. 0-0 b6 9. Be3 Be7 10. Rc1 Bb7 11. f3 0-0 12. Qe1 Nbd7 13. g4 Ne5 14. Qg3 Rae8 15. Rfd1 Nc6 16. Nb3 Nd7 17. Nd5 exd5 18. cxd5 Nc5 19. dxc6 Nxb3 20. axb3 Bxc6 21. Bf4 Rd8 22. Rc2 b5 23. Rcd2 Qb6+ 24. Kf1 Rd7 25. Bxd6 Qe3 26. Rd3 Qa7 27. Bxe7 Rxd3 28. Rxd3 Qxe7 29. Qd6 Qxd6 30. Rxd6 Rc8 31. Ke1 Kf8 32. g5 Ke7 33. e5 Rc7 34. b4 Bb7 35. Kd2 Rd7 36. Rxd7+ Kxd7 37. f4 g6 38. Ke3 Bd5 39. Kd4 Kc6 40. Bd3 Be6 41. Be4+ Kb6 42. Bd5 a5 43. bxa5+ Kxa5 44. Bxe6 fxe6 45. Kc5 Ka4 46. b4 1-0

[Event "Sao Paulo Hebraica op 30th"]
[Site "Sao Paulo"]
[Date "2023.02.10"]
[Round "2"]
[White "Munhoz, Joao Pedro"]
[Black "Miquelin, Nicolas Seoane"]
[Result "0-1"]
[WhiteElo "1551"]
[BlackElo "2093"]
[PlyCount "74"]
[EventDate "2023.02.10"]
[EventType "swiss"]
[EventRounds "7"]
[EventCountry "BRA"]
[SourceTitle "CBM 212 Extra"]
[Source "ChessBase"]
[SourceDate "2023.03.31"]
[SourceVersion "1"]
[SourceVersionDate "2023.03.31"]
[SourceQuality "1"]

1. e4 c5 2. Nc3 a6 3. g3 e6 4. Bg2 Qc7 5. d3 Nf6 6. f4 d6 7. Nf3 Nc6 8. 0-0 Be7 9. Ne2 0-0 10. h3 b5 11. g4 Bb7 12. Ng3 Rad8 13. g5 Nd7 14. Be3 Rfe8 15. Nh2 Bf8 16. Qg4 g6 17. h4 Bg7 18. c3 b4 19. Bd2 Qa5 20. e5 dxe5 21. Ne4 f5 22. gxf6 Nxf6 23. Nxf6+ Bxf6 24. f5 exf5 25. Rxf5 Bc8 26. Bxc6 Bxf5 27. Qg2 Re7 28. Rf1 Rxd3 29. Bg5 Bxg5 30. Qxg5 Qc7 31. Ba4 e4 32. Bb3+ Kg7 33. Kh1 Rg3 34. Qd2 e3 35. Qe2 Qc6+ 36. Nf3 Bg4 37. Bd1 Bxf3+ 0-1

[Event "Taubate op 3rd"]
[Site "Taubate"]
[Date "2022.12.04"]
[Round "6"]
[White "Miquelin, Nicolas Seoane"]
[Black "De Lima, Luciano Neves"]
[Result "1-0"]
[WhiteElo "2069"]
[BlackElo "1736"]
[PlyCount "63"]
[EventDate "2022.12.01"]
[EventType "swiss"]
[EventRounds "6"]
[EventCountry "BRA"]
[SourceTitle "CBM 211 Extra"]
[Source "ChessBase"]
[SourceDate "2023.01.31"]
[SourceVersion "1"]
[SourceVersionDate "2023.01.31"]
[SourceQuality "1"]

1. c4 Nf6 2. Nc3 e5 3. g3 Bc5 4. Bg2 Nc6 5. d3 d6 6. Nf3 0-0 7. 0-0 Re8 8. Na4 Bb6 9. Nxb6 axb6 10. b3 d5 11. cxd5 Nxd5 12. Bb2 f6 13. a3 Bg4 14. h3 Be6 15. Qc2 Qd7 16. Kh2 Rad8 17. Rfd1 Qf7 18. Rd2 Rd7 19. b4 Red8 20. d4 Nde7 21. dxe5 Rxd2 22. Nxd2 fxe5 23. Nf3 Qh5 24. Rd1 Rf8 25. b5 Nd4 26. Bxd4 exd4 27. Qxc7 Qc5 28. Qxb7 Bd5 29. Qd7 Nf5 30. Nxd4 Bxg2 31. Kxg2 Nd6 32. Qxg7+ 1-0

[Event "Sao Jose dos Campos op"]
[Site "Sao Jose dos Campos"]
[Date "2022.09.11"]
[Round "6"]
[White "Miquelin, Nicolas Seoane"]
[Black "Quintiliano Pinto, Renato Rodrigues"]
[Result "0-1"]
[WhiteElo "2062"]
[BlackElo "2504"]
[PlyCount "98"]
[EventDate "2022.09.08"]
[EventType "swiss"]
[EventRounds "7"]
[EventCountry "BRA"]
[SourceTitle "CBM 210 Extra"]
[Source "ChessBase"]
[SourceDate "2022.11.30"]
[SourceVersion "1"]
[SourceVersionDate "2022.11.30"]
[SourceQuality "1"]

1. e4 c5 2. Nf3 d6 3. d4 cxd4 4. Nxd4 Nf6 5. Nc3 g6 6. Be3 Bg7 7. f3 0-0 8. Qd2 Nc6 9. 0-0-0 d5 10. Kb1 Rb8 11. b3 e6 12. g4 a6 13. g5 Nh5 14. Nxc6 bxc6 15. Na4 f6 16. Ba7 Ra8 17. Bb6 Qe8 18. f4 fxg5 19. fxg5 Rf7 20. Be3 d4 21. Bf2 Qf8 22. Bh4 Qd6 23. Bc4 Bd7 24. Nb6 Re8 25. Rhf1 Rfe7 26. Rf3 c5 27. Nxd7 Rxd7 28. Rdf1 Qe5 29. Bg3 Nxg3 30. hxg3 Qxe4 31. Bxa6 d3 32. Rxd3 Qe5 33. c3 Rxd3 34. Qxd3 Qxg5 35. Qd7 Rd8 36. Qxe6+ Kh8 37. Qe1 h5 38. Bc4 Kh7 39. Kc2 Rd7 40. a4 Re7 41. Qf2 Re3 42. Qf4 Rxc3+ 43. Kb1 Qe7 44. g4 Qb7 45. Rf2 Qh1+ 46. Bf1 Rxb3+ 47. Ka2 Rb4 48. Qd6 Rxa4+ 49. Kb3 Qb7+ 0-1

[Event "Sao Jose dos Campos op"]
[Site "Sao Jose dos Campos"]
[Date "2021.10.12"]
[Round "7"]
[White "Lima, Darcy Gustavo Macha"]
[Black "Miquelin, Nicolas Seoane"]
[Result "1-0"]
[WhiteElo "2508"]
[BlackElo "2066"]
[PlyCount "75"]
[EventDate "2021.10.09"]
[EventType "swiss"]
[EventRounds "7"]
[EventCountry "BRA"]
[SourceTitle "CBM 204 Extra"]
[Source "ChessBase"]
[SourceDate "2021.11.30"]
[SourceVersion "1"]
[SourceVersionDate "2021.11.30"]
[SourceQuality "1"]

1. e4 c5 2. Nf3 e6 3. c4 Nc6 4. Nc3 e5 5. a3 a5 6. d3 d6 7. g3 Bg4 8. h3 Bxf3 9. Qxf3 g6 10. h4 h5 11. Bh3 Bh6 12. Be3 a4 13. Qd1 Qa5 14. 0-0 Nge7 15. Qc1 Bg7 16. Nb5 Qd8 17. Qd1 Nd4 18. Nxd4 cxd4 19. Bg5 Qb6 20. Rb1 Qb3 21. Qe2 Nc6 22. Kg2 Ra5 23. g4 Rc5 24. gxh5 gxh5 25. Kh2 b5 26. cxb5 Qxb5 27. Rg1 Qb3 28. Qf3 Rc2 29. Rbc1 Rxc1 30. Rxc1 Qb7 31. Qd1 f6 32. Bd2 Kf7 33. Qxa4 Ne7 34. b4 Bh6 35. Qb3+ Kf8 36. Qe6 Kg7 37. Qxd6 Kf7 38. Rc7 1-0

[Event "Sao Jose dos Campos op 3rd"]
[Site "Sao Jose dos Campos"]
[Date "2021.08.22"]
[Round "4"]
[White "Dos Santos, Lucas Aparecido"]
[Black "Miquelin, Nicolas Seoane"]
[Result "0-1"]
[WhiteElo "2013"]
[BlackElo "2047"]
[PlyCount "72"]
[EventDate "2021.08.21"]
[EventType "swiss"]
[EventRounds "5"]
[EventCountry "BRA"]
[SourceTitle "CBM 204 Extra"]
[Source "ChessBase"]
[SourceDate "2021.11.30"]
[SourceVersion "1"]
[SourceVersionDate "2021.11.30"]
[SourceQuality "1"]

1. e4 e6 2. Qe2 c5 3. g3 Nc6 4. Nf3 g6 5. Bg2 Bg7 6. 0-0 d6 7. c3 Nge7 8. Rd1 e5 9. Na3 0-0 10. Nc2 f5 11. d3 h6 12. h3 d5 13. exd5 Nxd5 14. Ne3 Nxe3 15. Bxe3 Qa5 16. Nd2 Be6 17. Nc4 Qd8 18. Re1 Qe7 19. Bxc5 Rad8 20. Na5 Qc7 21. Nb3 f4 22. Bb4 f3 23. Kf1 Rf7 24. Qd2 Rdd7 25. Re3 h5 26. d4 h4 27. Kg1 Bd5 28. c4 Be6 29. Rae1 Rf5 30. Re4 hxg3 31. fxg3 f2+ 32. Kh2 Rf6 33. Rxe5 Bxc4 34. Re6 Rf3 35. Rxg6 Kh8 36. Rxg7 Rxg7 0-1

[Event "Sao Jose dos Campos IRT op"]
[Site "Sao Jose dos Campos"]
[Date "2020.12.20"]
[Round "5"]
[White "Jenidarchiche, Douglas Rodrigo"]
[Black "Miquelin, Nicolas Seoane"]
[Result "0-1"]
[WhiteElo "1784"]
[BlackElo "2068"]
[PlyCount "112"]
[EventDate "2020.12.18"]
[EventType "swiss"]
[EventRounds "5"]
[EventCountry "BRA"]
[SourceTitle "EXT 2022"]
[Source "ChessBase"]
[SourceDate "2021.10.06"]
[SourceVersion "1"]
[SourceVersionDate "2021.10.06"]
[SourceQuality "1"]

1. d4 Nf6 2. c4 g6 3. Nf3 Bg7 4. Nc3 d5 5. e3 0-0 6. cxd5 Nxd5 7. Bc4 Nb6 8. Bb3 Nc6 9. 0-0 e5 10. dxe5 Nxe5 11. Nxe5 Bxe5 12. e4 Qf6 13. Qc2 Re8 14. Be3 Be6 15. Bxe6 Qxe6 16. f3 Rad8 17. Rad1 Qc6 18. Rxd8 Rxd8 19. Rd1 Rd6 20. Rxd6 Qxd6 21. g3 Nc4 22. Bf2 c6 23. Ne2 Nxb2 24. f4 Bg7 25. e5 Qd1+ 26. Qxd1 Nxd1 27. Bxa7 Nb2 28. Bd4 Nd3 29. Kf1 Nb4 30. Nc1 Bf8 31. Ke2 Be7 32. Kd2 Kf8 33. Kc3 Ke8 34. a4 Kd7 35. Nb3 Ke6 36. Na5 b5 37. axb5 cxb5 38. Nb3 Kd5 39. Nd2 Nc6 40. Be3 Bb4+ 41. Kd3 Bxd2 42. Bxd2 h5 43. h3 Nd4 44. g4 Nf3 45. Bc3 Ng1 46. f5 Nxh3 47. gxh5 gxh5 48. Ke3 Ng5 49. Kf4 h4 50. Be1 h3 51. Bg3 Ne4 52. e6 fxe6 53. fxe6 Nf6 54. Kf5 Ne8 55. e7 b4 56. Kg6 Ke6 0-1

[Event "Sao Jose dos Campos IRT op"]
[Site "Sao Jose dos Campos"]
[Date "2020.12.18"]
[Round "1"]
[White "Borger, Daniel"]
[Black "Miquelin, Nicolas Seoane"]
[Result "1/2-1/2"]
[WhiteElo "1550"]
[BlackElo "2068"]
[PlyCount "131"]
[EventDate "2020.12.18"]
[EventType "swiss"]
[EventRounds "5"]
[EventCountry "BRA"]
[SourceTitle "EXT 2022"]
[Source "ChessBase"]
[SourceDate "2021.10.06"]
[SourceVersion "1"]
[SourceVersionDate "2021.10.06"]
[SourceQuality "1"]

1. e4 g6 2. d4 Bg7 3. Nc3 d6 4. Be3 Nf6 5. Qd2 Ng4 6. Bg5 h6 7. Bh4 c6 8. 0-0-0 b5 9. f4 Qa5 10. Kb1 b4 11. Nce2 Nf6 12. Bxf6 Bxf6 13. e5 Bg7 14. Nf3 Be6 15. Nc1 Nd7 16. Bd3 c5 17. dxc5 Nxc5 18. Nb3 Nxb3 19. axb3 dxe5 20. Nxe5 0-0 21. Nc6 Qc5 22. Nxb4 a5 23. Na2 Rfd8 24. Rhe1 Qd4 25. Nc3 Bg4 26. Re4 Qf6 27. Rde1 Bf5 28. Rxe7 a4 29. bxa4 Rab8 30. R7e5 Qd6 31. Rb5 Rbc8 32. Rb3 Be6 33. Ra3 Qxa3 34. bxa3 Rxc3 35. Rxe6 fxe6 36. Ka2 Rd5 37. Qe1 Rd6 38. Bxg6 Rb6 39. Qd2 Rc8 40. Qc1 Rcb8 41. c3 Rb3 42. Qe3 Rxc3 43. Qxe6+ Kh8 44. a5 Rb2+ 45. Kxb2 Rc6+ 46. Qe5 Rxg6 47. Kb3 Bxe5 48. fxe5 Kg7 49. Ka4 Kf7 50. Kb5 Re6 51. a6 Rxe5+ 52. Kb6 Re6+ 53. Kb7 Re7+ 54. Kb6 Re6+ 55. Kb7 Re3 56. a4 Rb3+ 57. Kc7 Ra3 58. a7 Rxa4 59. Kb7 Kf6 60. a8Q Rxa8 61. Kxa8 Kf5 62. Kb7 Kf4 63. Kc6 Ke3 64. Kd5 Kf2 65. Ke4 Kxg2 66. Kf5 1/2-1/2

[Event "Sao Paulo op-A U2300 8th"]
[Site "Sao Paulo"]
[Date "2019.10.20"]
[Round "5"]
[White "Miquelin, Nicolas Seoane"]
[Black "Pacheco, Helcio Alexandre"]
[Result "1/2-1/2"]
[WhiteElo "2044"]
[BlackElo "2129"]
[PlyCount "222"]
[EventDate "2019.10.17"]
[EventType "swiss"]
[EventRounds "6"]
[EventCountry "BRA"]
[SourceTitle "CBM 192 Extra"]
[Source "Chessbase"]
[SourceDate "2019.11.06"]
[SourceVersion "1"]
[SourceVersionDate "2019.11.06"]
[SourceQuality "1"]

1. e4 e5 2. Nf3 Nc6 3. d4 exd4 4. Nxd4 Nf6 5. Nc3 Bb4 6. Nxc6 bxc6 7. Bd3 d5 8. exd5 0-0 9. 0-0 cxd5 10. h3 Re8 11. Qf3 c6 12. Bf4 Nd7 13. a3 Bf8 14. Rfe1 Nc5 15. Rac1 Rxe1+ 16. Rxe1 Nxd3 17. cxd3 Be6 18. d4 Qb6 19. b4 Qxd4 20. Ne2 Qf6 21. Qe3 a5 22. Be5 Qh4 23. bxa5 Rxa5 24. Qb6 Qa4 25. Nd4 Ra6 26. Qb8 Ra8 27. Qb6 Bd7 28. Re3 c5 29. Rg3 Ra6 30. Qd8 f6 31. Bxf6 Rxf6 32. Qxf6 Qxd4 33. Qd8 Be6 34. Rf3 Bf7 35. Qd7 Qa1+ 36. Kh2 Qe5+ 37. g3 Qe8 38. Qf5 d4 39. a4 Qe6 40. Qd3 Qd7 41. a5 c4 42. Qd2 Qd5 43. Qf4 Bd6 44. Qf5 Qxf5 45. Rxf5 c3 46. a6 c2 47. a7 c1Q 48. a8Q+ Bf8 49. Rxf7 Kxf7 50. Qd5+ Ke8 51. Qxd4 Qc6 52. Qd3 h6 53. Qf5 Qf6 54. Qc8+ Kf7 55. Qc4+ Kg6 56. Qe2 Kh7 57. Kg2 Qc6+ 58. Kh2 g6 59. Kg1 Bg7 60. Kh2 Qd5 61. Kg1 Qe5 62. Qc4 Qc3 63. Qe2 Qc7 64. Kg2 Qb7+ 65. Kh2 Bd4 66. Kg1 Qc7 67. Kg2 Qc6+ 68. Kh2 Qf6 69. Kg2 h5 70. h4 Qe5 71. Qf3 Qe7 72. Kg1 Bf6 73. Kg2 Qc5 74. Qb7+ Kh6 75. Qf3 Qd4 76. Kh3 Bg7 77. Kg2 Qg4 78. Qe3+ Kh7 79. Qe7 Qd4 80. Qe2 Be5 81. Qf3 Qd7 82. Qe3 Qg7 83. Qf3 Qf6 84. Qb7+ Kh6 85. Qe4 Bd4 86. Qe2 Qe5 87. Qf3 Bc5 88. Qd3 Qf5 89. Qd2+ Kh7 90. Qe2 Qd5+ 91. Kh2 Bd6 92. Qe3 Be5 93. Kg1 Qd4 94. Qf3 Bf6 95. Kg2 Qb2 96. Qe4 Qd2 97. Qb7+ Kh6 98. Qf3 Bd4 99. Qf8+ Bg7 100. Qf3 Qd7 101. Qe4 Qd1 102. Qe3+ Kh7 103. Qe4 Qg4 104. Qxg4 hxg4 105. f3 gxf3+ 106. Kxf3 Bh6 107. g4 Bc1 108. g5 Kg7 109. Kg4 Kf7 110. h5 gxh5+ 111. Kxh5 Bxg5 1/2-1/2

[Event "Sao Paulo op-A U2300 8th"]
[Site "Sao Paulo"]
[Date "2019.10.17"]
[Round "1"]
[White "Miquelin, Nicolas Seoane"]
[Black "Do Valle Cardoso, Lucas"]
[Result "1-0"]
[WhiteElo "2044"]
[BlackElo "2238"]
[PlyCount "87"]
[EventDate "2019.10.17"]
[EventType "swiss"]
[EventRounds "6"]
[EventCountry "BRA"]
[SourceTitle "CBM 192 Extra"]
[Source "Chessbase"]
[SourceDate "2019.11.06"]
[SourceVersion "1"]
[SourceVersionDate "2019.11.06"]
[SourceQuality "1"]

1. e4 e5 2. Nf3 Nc6 3. d4 exd4 4. Nxd4 Nf6 5. Nc3 Bb4 6. Nxc6 bxc6 7. Bd3 d5 8. exd5 0-0 9. 0-0 cxd5 10. h3 c6 11. Qf3 Bd6 12. Bf4 Rb8 13. b3 Rb4 14. Bxd6 Qxd6 15. Rfe1 Be6 16. Rad1 h6 17. Ne2 a5 18. c3 Rbb8 19. Nf4 Rfe8 20. Nh5 Nxh5 21. Qxh5 Qa3 22. Re3 Qxa2 23. Rg3 Qxb3 24. Re1 Bd7 25. Re5 Re6 26. Rxe6 Bxe6 27. Qxh6 Kf8 28. Qxg7+ Ke7 29. Qe5 Kd7 30. Bf5 Bxf5 31. Qxf5+ Kc7 32. Qxf7+ Kb6 33. Rg7 Kb5 34. Qf4 Rb6 35. Qd2 Qb1+ 36. Kh2 Ka4 37. Qd4+ Kb5 38. c4+ dxc4 39. Rg5+ Ka6 40. Qxc4+ Ka7 41. Rxa5+ Kb7 42. Qf7+ Kb8 43. Qe8+ Kb7 44. Ra8 1-0

[Event "Sao Paulo-chT"]
[Site "Sao Paulo"]
[Date "2019.03.09"]
[Round "6.1"]
[White "De Sousa, Matheus Mazim"]
[Black "Miquelin, Nicolas Seoane"]
[Result "0-1"]
[WhiteElo "2126"]
[BlackElo "2046"]
[PlyCount "102"]
[EventDate "2019.02.23"]
[EventType "team-tourn"]
[EventRounds "7"]
[EventCountry "BRA"]
[SourceTitle "CBM 189 Extra"]
[Source "ChessBase"]
[SourceDate "2019.05.31"]
[SourceVersion "1"]
[SourceVersionDate "2019.05.31"]
[SourceQuality "1"]
[WhiteTeam "Espaco Xadrez Total"]
[BlackTeam "PMFC"]
[WhiteTeamCountry "BRA"]
[BlackTeamCountry "BRA"]

1. d4 Nf6 2. c4 c5 3. d5 b5 4. cxb5 a6 5. b6 Qxb6 6. Nc3 d6 7. e4 g6 8. Nf3 Bg7 9. h3 0-0 10. Bd3 Nbd7 11. 0-0 a5 12. Rb1 Ba6 13. Bg5 Rfb8 14. b3 Qb4 15. Qc2 Ne8 16. Na4 Bxd3 17. Qxd3 Nb6 18. Nxb6 Rxb6 19. Bxe7 f6 20. e5 fxe5 21. Rfc1 Qf4 22. Bg5 Qf7 23. Nd2 a4 24. Nc4 Rb7 25. bxa4 Rxa4 26. Rxb7 Qxb7 27. Rb1 Qa7 28. a3 Bf8 29. Rc1 Nc7 30. Bd8 Ne8 31. Qd1 Qa6 32. Qg4 Ng7 33. h4 h5 34. Qe4 Kh7 35. Bf6 Nf5 36. g4 hxg4 37. h5 Qc8 38. hxg6+ Kxg6 39. Nxe5+ dxe5 40. Qxa4 Kxf6 41. Qxg4 Qa8 42. Qg8 Qb8 43. Qe6+ Kg5 44. Kh1 Qb3 45. Qg8+ Bg7 46. Rg1+ Kf4 47. Kh2 Qf3 48. Qd8 Qh5+ 49. Kg2 Nh4+ 50. Kh2 Nf3+ 51. Kg2 Qg6+ 0-1

[Event "Sao Paulo-chT"]
[Site "Sao Paulo"]
[Date "2019.02.24"]
[Round "4.1"]
[White "Bruce, Shannon Hill"]
[Black "Miquelin, Nicolas Seoane"]
[Result "1-0"]
[WhiteElo "2072"]
[BlackElo "2046"]
[PlyCount "141"]
[EventDate "2019.02.23"]
[EventType "team-tourn"]
[EventRounds "7"]
[EventCountry "BRA"]
[SourceTitle "CBM 189 Extra"]
[Source "ChessBase"]
[SourceDate "2019.05.31"]
[SourceVersion "1"]
[SourceVersionDate "2019.05.31"]
[SourceQuality "1"]
[WhiteTeam "Sao Jose FIP"]
[BlackTeam "PMFC"]
[WhiteTeamCountry "BRA"]
[BlackTeamCountry "BRA"]

1. e4 c5 2. Nf3 g6 3. d4 cxd4 4. Qxd4 Nf6 5. e5 Nc6 6. Qa4 Nd5 7. Bd3 Bg7 8. 0-0 0-0 9. Re1 d6 10. exd6 Qxd6 11. Nbd2 Ncb4 12. Be4 Nb6 13. Qa3 Rd8 14. c3 Na6 15. Qxd6 Rxd6 16. Nb3 e5 17. Bc2 Nc4 18. Nfd2 Nxd2 19. Nxd2 Be6 20. Ne4 Rb6 21. Ng5 Nc7 22. Nxe6 Nxe6 23. Rb1 Rd6 24. Be3 b6 25. a4 Bf8 26. Rbd1 Rc8 27. Bc1 Rxd1 28. Rxd1 Rd8 29. Rxd8 Nxd8 30. Kf1 Kg7 31. Ke2 f5 32. Kd3 Ne6 33. Kc4 Nc7 34. Bg5 h6 35. Bd2 Kf6 36. b4 g5 37. b5 Bc5 38. f3 Ke6 39. Kd3 Ne8 40. h4 f4 41. hxg5 hxg5 42. Bb3+ Kd6 43. Ke4 Nf6+ 44. Kf5 Nd5 45. Bxd5 Kxd5 46. Kxg5 Be3 47. Be1 e4 48. Kf5 exf3 49. gxf3 Kc4 50. Ke4 Bc1 51. Ke5 Be3 52. Ke4 Bc1 53. Bf2 Bd2 54. Bd4 Kb3 55. a5 Kc4 56. Bxb6 Kxb5 57. Bxa7 Kxa5 58. c4 Kb4 59. Kd5 Be3 60. Bd4 Ka5 61. Bc3+ Kb6 62. Bb4 Kc7 63. Bd6+ Kb6 64. c5+ Kb7 65. c6+ Kb6 66. Be5 Bd2 67. Kd6 Ba5 68. Kd7 Kc5 69. Bxf4 Kd4 70. Bc7 Be1 71. Bb6+ 1-0

[Event "Sao Paulo-chT"]
[Site "Sao Paulo"]
[Date "2019.02.24"]
[Round "3.1"]
[White "Miquelin, Nicolas Seoane"]
[Black "Di Berardino, Diego Rafael"]
[Result "1/2-1/2"]
[WhiteElo "2046"]
[BlackElo "2513"]
[PlyCount "119"]
[EventDate "2019.02.23"]
[EventType "team-tourn"]
[EventRounds "7"]
[EventCountry "BRA"]
[SourceTitle "CBM 189 Extra"]
[Source "ChessBase"]
[SourceDate "2019.05.31"]
[SourceVersion "1"]
[SourceVersionDate "2019.05.31"]
[SourceQuality "1"]
[WhiteTeam "PMFC"]
[BlackTeam "Pinheiros"]
[WhiteTeamCountry "BRA"]
[BlackTeamCountry "BRA"]

1. e4 c5 2. c4 Nc6 3. Nc3 g6 4. g3 Bg7 5. Bg2 e6 6. Nge2 Nge7 7. 0-0 0-0 8. Rb1 d6 9. d3 a6 10. a4 Bd7 11. Be3 Nd4 12. b4 b6 13. e5 dxe5 14. bxc5 bxc5 15. Bxa8 Qxa8 16. Bxd4 exd4 17. Ne4 Qc6 18. a5 f5 19. Rb6 Qc7 20. Ng5 Nc6 21. Nf4 Re8 22. Re1 Qc8 23. Qf3 Ne5 24. Rxe5 Bxe5 25. Nfxe6 Bxe6 26. Rxe6 Rxe6 27. Qd5 Qc6 28. Nxe6 Qxd5 29. cxd5 Kf7 30. Nxc5 Bc7 31. Nb3 Ke7 32. Nxd4 Kd6 33. Nb3 Kxd5 34. Kf1 Kc6 35. Nd4+ Kd5 36. Nb3 Bb8 37. Ke2 Ba7 38. f3 Kc6 39. d4 Kb5 40. Kd3 Kb4 41. Nc1 Kxa5 42. Kc4 Kb6 43. Nd3 Bb8 44. Nb2 Kc6 45. Na4 Bd6 46. Nc3 h5 47. f4 h4 48. Nd5 h3 49. Nc3 a5 50. d5+ Kd7 51. Nd1 a4 52. Nf2 a3 53. Kb3 Bc5 54. Nxh3 Kd6 55. Ng5 Kxd5 56. Nf3 Be7 57. Ne5 g5 58. Ng6 Bf6 59. fxg5 Bxg5 60. Kxa3 1/2-1/2

[Event "Sao Paulo-chT"]
[Site "Sao Paulo"]
[Date "2019.02.23"]
[Round "2.1"]
[White "Diamant, Andre"]
[Black "Miquelin, Nicolas Seoane"]
[Result "1-0"]
[WhiteElo "2533"]
[BlackElo "2046"]
[PlyCount "39"]
[EventDate "2019.02.23"]
[EventType "team-tourn"]
[EventRounds "7"]
[EventCountry "BRA"]
[SourceTitle "CBM 189 Extra"]
[Source "ChessBase"]
[SourceDate "2019.05.31"]
[SourceVersion "1"]
[SourceVersionDate "2019.05.31"]
[SourceQuality "1"]
[WhiteTeam "Osasco"]
[BlackTeam "PMFC"]
[WhiteTeamCountry "BRA"]
[BlackTeamCountry "BRA"]

1. e4 a6 2. d4 b5 3. Bd3 Bb7 4. Nf3 Nf6 5. e5 Nd5 6. 0-0 e6 7. a4 c5 8. axb5 cxd4 9. Nxd4 Qb6 10. c3 Bc5 11. Qg4 Ne7 12. bxa6 Nxa6 13. Nd2 Bxd4 14. cxd4 0-0 15. Nc4 Qc7 16. Bd2 g6 17. Nd6 f5 18. Qh4 Nc6 19. Bh6 Ncb4 20. Qe7 1-0